Famiglia oggi e prospettive interculturali /

Saved in:
Bibliographic Details
Main Author: Cannarozzo, Gregoria.
Format: Book
Language:Italian
Published: Soveria Mannelli : Rubbettino, 2009.
Series:Collana del Dipartimento di scienze della persona, Università degli studi di Bergamo ; 12.
Subjects:
Tags: Add Tag
No Tags, Be the first to tag this record!
LEADER 00917cam a22002654a 4500
001 012363809-7
005 20100824113345.0
008 100514s2009 it b 000 0 ita d
010 |a  2010357911 
020 |a 9788849825404 :  |c 12.00 EUR 
035 0 |a ocn620110353 
040 |a ItFiC  |c ItFiC  |d DLC 
042 |a lccopycat 
050 0 0 |a HQ519  |b .C36 2009 
100 1 |a Cannarozzo, Gregoria. 
245 1 0 |a Famiglia oggi e prospettive interculturali /  |c Gregoria Cannarozzo. 
260 |a Soveria Mannelli :  |b Rubbettino,  |c 2009. 
300 |a 152 p. ;  |c 21 cm. 
490 1 |a Collana del Dipartimento di scienze della persona, Università degli studi di Bergamo ;  |v 12 
490 0 |a Università 
504 |a Includes bibliographical references (p. 141-150). 
650 0 |a Families. 
830 0 |a Collana del Dipartimento di scienze della persona, Università degli studi di Bergamo ;  |v 12. 
988 |a 20100605 
906 |0 VEN